[Event "Lichtenrader Herbst 2019"]
[Site "Berlin"]
[Date "2019.10.20"]
[Round "9.11"]
[White "Alten, Silvio"]
[Black "Pixa, Richard"]
[Result "1-0"]
[WhiteElo "1893"]
[BlackElo "2075"]
[PlyCount "49"]
[EventDate "2019.??.??"]

1. e4 e6 2. d4 d5 3. Nd2 Nf6 4. e5 Nfd7 5. Bd3 c5 6. c3 Nc6 7. Ne2 cxd4 8. cxd4
f6 9. exf6 Nxf6 10. Nf3 Bd6 11. O-O Qc7 12. Ng3 O-O 13. Bg5 Bd7 14. Rc1 Qb6 15.
Bc2 Qxb2 16. Bb3 Qa3 17. Re1 h6 18. Bd2 Rae8 19. Rb1 Re7 20. Bc3 Na5 21. Qd2
Nc6 22. Bd1 b6 23. Be2 Be8 24. Rb3 Qa4 25. Bb5 1-0

[Event "Lichtenrader Herbst 2019"]
[Site "Berlin"]
[Date "2019.10.20"]
[Round "9.12"]
[White "Lopez Gomez, Jose Pablo"]
[Black "Budt, Matthias"]
[Result "1/2-1/2"]
[WhiteElo "2064"]
[BlackElo "2188"]
[PlyCount "62"]
[EventDate "2019.??.??"]

1. e4 c6 2. Nc3 d5 3. Nf3 Bg4 4. d4 e6 5. h3 Bxf3 6. Qxf3 dxe4 7. Qxe4 Nf6 8.
Qd3 Be7 9. Bf4 Nbd7 10. O-O-O Qa5 11. Kb1 Nd5 12. Nxd5 cxd5 13. g4 Rc8 14. Bd2
Qc7 15. Bg2 Bd6 16. g5 a6 17. h4 Qc4 18. Bf1 Qxd3 19. Bxd3 O-O 20. Rh3 Rc7 21.
f4 g6 22. h5 Rfc8 23. hxg6 fxg6 24. Ba5 Rc6 25. Rdh1 Nf8 26. Rh4 b5 27. Bd2
R8c7 28. Rf1 Rf7 29. Ba5 Rd7 30. Bd2 Rf7 31. Ba5 Rd7 1/2-1/2

[Event "Lichtenrader Herbst 2019"]
[Site "Berlin"]
[Date "2019.10.20"]
[Round "9.13"]
[White "Roehr, Tobias"]
[Black "Heuer, Thomas"]
[Result "1/2-1/2"]
[WhiteElo "2123"]
[BlackElo "2068"]
[PlyCount "89"]
[EventDate "2019.??.??"]

1. d4 d5 2. c4 e6 3. Nc3 Be7 4. cxd5 exd5 5. Bf4 c6 6. e3 Bf5 7. g4 Be6 8. h4
Nf6 9. Be2 Qb6 10. Rb1 h5 11. g5 Ne4 12. f3 Nd6 13. Na4 Qb4+ 14. Kf2 Nd7 15. a3
Qa5 16. b4 Qd8 17. Nc5 O-O 18. Bxd6 Bxd6 19. Nxb7 Qc7 20. Nxd6 Qxd6 21. Bd3 a5
22. Ne2 axb4 23. axb4 Ra2 24. Rb3 Rfa8 25. Bb1 Ra1 26. Qd3 g6 27. Qc3 Nb6 28.
Nf4 Nc4 29. Rc1 R8a3 30. Re1 Rxb3 31. Qxb3 Ra3 32. Qc2 Bf5 33. Qc1 Bxb1 34.
Qxb1 Rxe3 35. Rxe3 Qxf4 36. Re8+ Kg7 37. Qh1 Nd6 38. Re2 Ne4+ 39. Kg2 Ng3 40.
Qe1 Nxe2 41. Qxe2 Qxd4 42. Qe7 Qxh4 43. Qf6+ Kg8 44. Qd8+ Kg7 45. Qf6+ 1/2-1/2

[Event "Lichtenrader Herbst 2019"]
[Site "Berlin"]
[Date "2019.10.20"]
[Round "9.14"]
[White "nn"]
[Black "Arndt, Uwe"]
[Result "0-1"]
[WhiteElo "2124"]
[BlackElo "1942"]
[PlyCount "70"]
[EventDate "2019.??.??"]

1. f4 d5 2. Nf3 c5 3. e3 Nf6 4. d4 g6 5. c3 Qc7 6. Bd3 Bg7 7. O-O O-O 8. Nbd2
b6 9. Qe2 Bb7 10. Ne5 Nbd7 11. b3 e6 12. Bb2 a5 13. Bb5 Nb8 14. a4 Na6 15. Rac1
Rfc8 16. g4 Ne8 17. g5 Nd6 18. Bd3 Qe7 19. Ng4 Nf5 20. Nf3 Nc7 21. Nfe5 Ne8 22.
Qf2 Rc7 23. Ba3 Rac8 24. h4 Ned6 25. Bb1 cxd4 26. cxd4 Rxc1 27. Rxc1 Rxc1+ 28.
Bxc1 Qc7 29. Bb2 Ba6 30. Kg2 Ne4 31. Bxe4 dxe4 32. Kh3 Ne7 33. Qd2 Nf5 34. d5
exd5 35. Qxd5 Bf1+ 0-1

[Event "Lichtenrader Herbst 2019"]
[Site "Berlin"]
[Date "2019.10.20"]
[Round "9.15"]
[White "Dathe, Frederick"]
[Black "Stumpf, Daniel"]
[Result "1-0"]
[WhiteElo "2084"]
[BlackElo "2045"]
[PlyCount "63"]
[EventDate "2019.??.??"]

1. c4 c5 2. g3 g6 3. Bg2 Bg7 4. Nc3 Nc6 5. e4 e6 6. Nge2 Nge7 7. O-O a6 8. d3
Rb8 9. a4 O-O 10. Rb1 f5 11. Be3 Nd4 12. b4 cxb4 13. Rxb4 Nec6 14. Rb1 Qa5 15.
f4 b5 16. axb5 axb5 17. Nxb5 Nxb5 18. Rxb5 Rxb5 19. cxb5 Qxb5 20. e5 Ba6 21.
Nc3 Qb4 22. Qd2 d5 23. Nxd5 Qxd2 24. Bxd2 Nxe5 25. Ne7+ Kf7 26. fxe5 Bxd3 27.
Rd1 Be2 28. Re1 Bd3 29. Nc6 Rc8 30. Ra1 Rc7 31. Bb4 Bf8 32. Nd8+ 1-0

[Event "Lichtenrader Herbst 2019"]
[Site "Berlin"]
[Date "2019.10.20"]
[Round "9.16"]
[White "Francois, Yannick"]
[Black "Gebigke, Martin"]
[Result "0-1"]
[WhiteElo "1783"]
[BlackElo "2068"]
[PlyCount "98"]
[EventDate "2019.??.??"]

1. e4 c5 2. Nc3 Nc6 3. g3 g6 4. Bg2 Bg7 5. f4 d6 6. Nf3 Nf6 7. O-O O-O 8. d3
Bg4 9. h3 Bxf3 10. Bxf3 Nd7 11. Be3 Nd4 12. Bg2 b5 13. Qd2 b4 14. Nd1 Qa5 15.
g4 Rab8 16. c3 Nb3 17. axb3 Qxa1 18. c4 Qa2 19. Qc2 Rb6 20. Bc1 Nb8 21. Be3 Nc6
22. Re1 Na5 23. e5 Nxb3 24. exd6 Rxd6 25. Bf2 e6 26. Be4 f5 27. gxf5 gxf5 28.
Bg2 Rfd8 29. Bf1 Kh8 30. Bh4 Rg8 31. Kh1 a5 32. Be7 Rd7 33. Bh4 a4 34. Qg2 Nd4
35. Be2 Rf7 36. Rg1 Rff8 37. Be7 Re8 38. Bxc5 Bf6 39. Qf2 Rxg1+ 40. Kxg1 Nxe2+
41. Qxe2 a3 42. d4 Qb3 43. bxa3 Rg8+ 44. Kf1 Qxh3+ 45. Ke1 Bh4+ 46. Kd2 Rg2 47.
axb4 Rxe2+ 48. Kxe2 Qg2+ 49. Kd3 Be1 0-1

[Event "Lichtenrader Herbst 2019"]
[Site "Berlin"]
[Date "2019.10.20"]
[Round "9.17"]
[White "Federau, Juergen"]
[Black "Hofmeister, Frank"]
[Result "1/2-1/2"]
[WhiteElo "2083"]
[BlackElo "1827"]
[PlyCount "98"]
[EventDate "2019.??.??"]

1. d4 d5 2. c4 c6 3. Nc3 Nf6 4. e3 e6 5. Nf3 Bd6 6. Bd3 Nbd7 7. O-O O-O 8. e4
dxe4 9. Nxe4 Nxe4 10. Bxe4 Qc7 11. Bc2 Re8 12. Re1 b6 13. Qd3 g6 14. Bh6 Bb7
15. Rad1 Rad8 16. h3 Bf8 17. Bxf8 Rxf8 18. Qe3 c5 19. b3 Rfe8 20. Re2 Bxf3 21.
Qxf3 cxd4 22. Rxd4 Ne5 23. Qe3 Rxd4 24. Qxd4 Nc6 25. Qe3 Rd8 26. Rd2 h5 27. h4
Kf8 28. g3 Ke8 29. Be4 a5 30. Qc3 Nb4 31. a3 Na6 32. Rxd8+ Qxd8 33. Bc2 Qd6 34.
Qh8+ Ke7 35. Qa8 Nc5 36. b4 axb4 37. axb4 Nd7 38. Qa3 e5 39. Be4 Nf6 40. Bf3 e4
41. c5 bxc5 42. bxc5 Qd3 43. Qxd3 exd3 44. Kf1 Nd7 45. c6 Ne5 46. Bg2 Kd6 47.
Ke1 Nxc6 48. Bxc6 Kxc6 49. Kd2 Kd5 1/2-1/2

[Event "Lichtenrader Herbst 2019"]
[Site "Berlin"]
[Date "2019.10.20"]
[Round "9.18"]
[White "Tschernatsch, Johannes"]
[Black "Ploder, Udo"]
[Result "1-0"]
[WhiteElo "2132"]
[BlackElo "1932"]
[PlyCount "73"]
[EventDate "2019.??.??"]

1. e4 e5 2. Nf3 Nc6 3. Bb5 f5 4. d3 fxe4 5. dxe4 Nf6 6. O-O Bc5 7. Bxc6 bxc6 8.
Nxe5 O-O 9. Nd3 Nxe4 10. Nxc5 Nxc5 11. b3 Qf6 12. Be3 Ne6 13. Nd2 d5 14. Nf3
Bb7 15. Nd4 Nc5 16. b4 Ne4 17. Nb3 Qg6 18. Qd4 Bc8 19. Kh1 Bf5 20. Na5 Kh8 21.
c3 Rf6 22. Rae1 Raf8 23. Nb3 Bg4 24. Nc5 Nxc5 25. Qxc5 a6 26. Bd4 R6f7 27. f3
Bf5 28. Re3 h5 29. Rfe1 Kh7 30. Re7 Bd3 31. R7e6 Qg5 32. Qxc6 h4 33. R6e5 Qd2
34. Qe6 Bf5 35. Qxd5 h3 36. gxh3 Bg6 37. Rg1 1-0

[Event "Lichtenrader Herbst 2019"]
[Site "Berlin"]
[Date "2019.10.20"]
[Round "9.19"]
[White "Verbitsky, Jaroslaw"]
[Black "Noeldner, Julian"]
[Result "1-0"]
[WhiteElo "1853"]
[BlackElo "2051"]
[PlyCount "67"]
[EventDate "2019.??.??"]

1. e4 e5 2. Nf3 Nc6 3. d4 exd4 4. Nxd4 Nf6 5. Nxc6 bxc6 6. e5 Qe7 {(=)} 7. Qe2
Nd5 8. c4 Nb6 9. g3 Qe6 10. b3 a5 11. Bb2 a4 12. Nd2 Bb4 13. O-O-O axb3 14.
axb3 O-O 15. Nf3 d5 16. exd6 Qh6+ 17. Qe3 Qxe3+ 18. fxe3 cxd6 19. Nd4 Re8 20.
Nc2 Bc5 21. b4 Bxe3+ 22. Nxe3 Rxe3 23. Bd4 Rea3 24. Bxb6 Ra1+ 25. Kd2 R1a2+ 26.
Ke3 Bg4 27. Rxd6 Re8+ 28. Kf4 h5 29. Rd8 Rxd8 30. Bxd8 Rf2+ 31. Ke3 Rf3+ 32.
Kd4 Rf2 33. Bd3 Bf3 34. Rf1 1-0

[Event "Lichtenrader Herbst 2019"]
[Site "Berlin"]
[Date "2019.10.20"]
[Round "9.20"]
[White "Casado Perez, Miguel"]
[Black "Kutschke, Jens"]
[Result "0-1"]
[WhiteElo "1898"]
[BlackElo "2002"]
[PlyCount "66"]
[EventDate "2019.??.??"]

1. d4 Nf6 2. c4 g6 3. Nc3 d5 4. cxd5 Nxd5 5. e4 Nxc3 6. bxc3 Bg7 7. Bc4 c5 8.
Ne2 Nc6 9. Be3 Qa5 10. O-O O-O 11. Qb3 cxd4 12. cxd4 Qh5 13. Qc2 Rd8 14. Rfd1
Na5 15. Nf4 Qh4 16. g3 Qf6 17. Nd5 Rxd5 18. Bxd5 Qf3 19. Qc5 e5 20. Qe7 Bh3 21.
Qxf7+ Qxf7 22. Bxf7+ Kxf7 23. d5 {(=)} Bf8 24. Rac1 Bd6 25. f3 Bd7 26. Kf2 b5
27. f4 Nc4 28. fxe5 Bxe5 29. Bd4 Kf6 30. Rd3 Bxd4+ 31. Rxd4 Ke5 32. Rcd1 Rf8+
33. Ke1 Ne3 0-1

[Event "Lichtenrader Herbst 2019"]
[Site "Berlin"]
[Date "2019.10.20"]
[Round "9.21"]
[White "Bolk, Matthias"]
[Black "Grillich, Alexander"]
[Result "1-0"]
[WhiteElo "2087"]
[BlackElo "1924"]
[PlyCount "27"]
[EventDate "2019.??.??"]

1. b4 d6 2. Bb2 Nf6 3. c4 g6 4. g3 Bg7 5. Bg2 O-O 6. Nf3 e5 7. d3 Re8 8. Nfd2
Nc6 9. b5 Ne7 10. Nc3 d5 11. cxd5 Nexd5 12. Nxd5 Nxd5 13. O-O Bd7 14. Bxd5 1-0

[Event "Lichtenrader Herbst 2019"]
[Site "Berlin"]
[Date "2019.10.20"]
[Round "9.22"]
[White "Kostanyan, Hakob"]
[Black "Barbier, Astrid"]
[Result "1/2-1/2"]
[WhiteElo "1887"]
[BlackElo "1974"]
[PlyCount "137"]
[EventDate "2019.??.??"]

1. e4 c5 2. Nc3 g6 3. g3 Bg7 4. Bg2 Nc6 5. d3 d6 6. f4 e6 7. Bd2 Nge7 8. Nf3 a6
9. a4 O-O 10. O-O d5 11. e5 Bd7 12. Re1 Qc7 13. Ne2 b5 14. c3 Rfb8 15. axb5
axb5 16. d4 c4 17. g4 Na5 18. Ng3 Nb3 19. Rb1 Ra2 20. f5 Nxd2 21. Qxd2 exf5 22.
gxf5 Nxf5 23. Ng5 Qc6 24. Qf4 Rf8 25. Qf3 h6 26. Nh3 Nh4 27. Qe2 Nxg2 28. Qxg2
Be6 29. Nf4 Qd7 30. Rf1 Kh7 31. h4 Ra7 32. Qc2 Kh8 33. Kh2 Qe7 34. Nxe6 Qxe6
35. Rf4 h5 36. Qf2 Ra6 37. Rf1 Kg8 38. Rg1 Qe7 39. Qf3 Qd7 40. Rf1 Bh6 41. Rf6
Rxf6 42. Qxf6 Qg4 43. Rf2 Bg7 44. Qe7 Qc8 45. Kg2 Qe6 46. Qg5 Kh7 47. Ne2 f6
48. Nf4 fxg5 49. Nxe6 Rxf2+ 50. Kxf2 gxh4 51. Nf4 Bh6 52. Nxd5 g5 53. e6 Kg6
54. e7 Kf7 55. Nf6 Kxe7 56. Ng8+ Ke6 57. Nxh6 g4 58. Kg2 h3+ 59. Kg3 Kf6 60.
Kh2 Ke6 61. Kg3 Kf6 62. d5 Ke5 63. Ng8 Kxd5 64. Nf6+ Ke5 65. Nxh5 Kf5 66. Ng7+
Ke4 67. Ne6 Kd3 68. Nc7 Kc2 69. Nxb5 1/2-1/2

[Event "Lichtenrader Herbst 2019"]
[Site "Berlin"]
[Date "2019.10.20"]
[Round "9.23"]
[White "Jaeger, Andre"]
[Black "Guenther, Thomas"]
[Result "0-1"]
[WhiteElo "1865"]
[BlackElo "1966"]
[PlyCount "62"]
[EventDate "2019.??.??"]

1. d4 Nf6 2. c4 e6 3. Nc3 Bb4 4. f3 O-O 5. a3 Bxc3+ 6. bxc3 d6 7. e4 Nbd7 8.
Bd3 e5 9. Bg5 h6 10. Bh4 c6 11. Ne2 Qa5 12. O-O Re8 13. Qc2 g5 14. Bf2 Nh5 15.
g3 Nf8 16. Be3 Ng6 17. Kh1 Qd8 18. Rf2 Kh8 19. Qd2 Qe7 20. f4 exf4 21. gxf4 f6
22. fxg5 fxg5 23. e5 Nh4 24. Raf1 Bh3 25. Rf7 Rf8 26. Rxf8+ Rxf8 27. Rxf8+ Qxf8
28. Be4 Qf1+ 29. Ng1 Bf5 30. Bxf5 Qxf5 31. h3 Ng3+ 0-1

[Event "Lichtenrader Herbst 2019"]
[Site "Berlin"]
[Date "2019.10.20"]
[Round "9.24"]
[White "Fenske, Nils"]
[Black "Grassi, Fabrizio"]
[Result "1/2-1/2"]
[WhiteElo "1821"]
[BlackElo "1863"]
[PlyCount "84"]
[EventDate "2019.??.??"]

1. d4 d5 2. Nf3 Nf6 3. e3 Bf5 4. Nh4 Bg6 5. Nxg6 hxg6 6. Bd3 e6 7. Nd2 c5 8. c3
Nc6 9. b3 Rc8 10. Bb2 cxd4 11. exd4 Bd6 12. Qe2 Qe7 13. Nf3 e5 14. dxe5 Nxe5
15. Kf1 Nxd3 16. Qxd3 O-O 17. g3 Qe4 18. Rd1 Rfd8 19. Kg2 a6 20. Rhe1 Qxd3 21.
Rxd3 b5 22. Red1 Bb8 23. h3 Ba7 24. Ng5 Re8 25. Nf3 Re2 26. R1d2 Rce8 27. Nd4
Rxd2 28. Rxd2 Bxd4 29. cxd4 Rc8 30. f3 b4 31. Re2 Kf8 32. Kf2 Nd7 33. a4 Rc6
34. Ke1 g5 35. Kd1 f6 36. Re3 Kf7 37. Bc1 Nf8 38. Bd2 a5 39. Ke2 Ne6 40. Kd3
Rc8 41. Re2 Rh8 42. Rh2 Ke7 1/2-1/2

[Event "Lichtenrader Herbst 2019"]
[Site "Berlin"]
[Date "2019.10.20"]
[Round "9.25"]
[White "Riering, Berthold"]
[Black "Fock, Amina"]
[Result "1/2-1/2"]
[WhiteElo "1983"]
[BlackElo "1749"]
[PlyCount "84"]
[EventDate "2019.??.??"]

1. e4 c5 2. d3 d6 3. f4 g6 4. Nf3 Bg7 5. Be2 e6 6. O-O Ne7 7. c3 d5 8. Na3 Nbc6
9. Nc2 O-O 10. Qe1 b5 11. Qf2 c4 12. exd5 exd5 13. a4 b4 14. cxb4 Qd6 15. b5
Na5 16. dxc4 dxc4 17. Rd1 Qc7 18. Ncd4 Nd5 19. Nc6 Nxf4 20. Bxf4 Qxf4 21. Nxa5
Bxb2 22. Rab1 c3 23. Bd3 Qxa4 24. Nc6 Be6 25. Nfd4 Bc4 26. Bc2 Qa3 27. Qf6 Rae8
28. Nf5 Qc5+ 29. Kh1 gxf5 30. Bxf5 c2 31. Qg5+ Kh8 32. Qh5 cxd1=Q+ 33. Rxd1
Qxf5 34. Qxf5 Bg7 35. Nxa7 Re5 36. Qb1 Bxb5 37. Nxb5 Rb8 38. Qb3 Rexb5 39. Qxf7
Rb1 40. Qf1 Rxd1 41. Qxd1 Ra8 42. g3 Ra1 1/2-1/2

[Event "Lichtenrader Herbst 2019"]
[Site "Berlin"]
[Date "2019.10.20"]
[Round "9.26"]
[White "Tham, Minh"]
[Black "Rosmait, Emily"]
[Result "1-0"]
[WhiteElo "1856"]
[BlackElo "1908"]
[PlyCount "55"]
[EventDate "2019.??.??"]

1. d4 Nf6 2. c4 e6 3. Nc3 Bb4 4. f3 c5 5. e3 O-O 6. a3 cxd4 7. exd4 Bxc3+ 8.
bxc3 Qa5 9. Bd2 b6 10. Bd3 Ba6 11. Qe2 d5 12. Nh3 Rc8 13. cxd5 exd5 14. Kf2
Bxd3 15. Qxd3 Rc4 16. Qc2 Nbd7 17. Qb2 Rac8 18. Nf4 Qa4 19. Ne2 Qc6 20. Rhe1
Qd6 21. Bf4 Qe6 22. Ng3 Qc6 23. Nf5 Nc5 24. dxc5 Qxc5+ 25. Be3 d4 26. Nxd4 Nd5
27. Qb5 Nxe3 28. Rxe3 1-0

[Event "Lichtenrader Herbst 2019"]
[Site "Berlin"]
[Date "2019.10.20"]
[Round "9.27"]
[White "Harutyunyan, Axel"]
[Black "Schnabel, Luise"]
[Result "1-0"]
[WhiteElo "1909"]
[BlackElo "1900"]
[PlyCount "59"]
[EventDate "2019.??.??"]

1. e4 Nf6 2. e5 Nd5 3. d4 d6 4. c4 Nb6 5. exd6 cxd6 6. Nc3 g6 7. Be3 Bg7 8. Rc1
O-O 9. b3 e5 10. dxe5 dxe5 11. c5 Qxd1+ 12. Rxd1 N6d7 13. Bc4 Nc6 14. Nb5 Nf6
15. Nd6 Rb8 16. h3 Nb4 17. Nxf7 Rxf7 18. Rd8+ Bf8 19. Bh6 Nd7 20. Nf3 Nc6 21.
Re8 e4 22. Ng5 Nce5 23. Be6 Nd3+ 24. Kf1 N3e5 25. Nxf7 Nxf7 26. Kg1 Ra8 27. Kh2
a5 28. Rd1 Ra6 29. Rxf8+ Nxf8 30. Rd8 1-0

[Event "Lichtenrader Herbst 2019"]
[Site "Berlin"]
[Date "2019.10.20"]
[Round "9.28"]
[White "Bergmann, Jens"]
[Black "Tomic, Stjepan"]
[Result "0-1"]
[WhiteElo "1856"]
[BlackElo "1901"]
[PlyCount "39"]
[EventDate "2019.??.??"]

1. e4 c6 2. d4 d5 3. Nc3 dxe4 4. Nxe4 Bf5 5. Ng3 Bg6 6. Nf3 Nd7 7. h4 h6 8. h5
Bh7 9. Bc4 e6 10. Bf4 Ngf6 11. Qe2 Nd5 12. Rh4 Bb4+ 13. Kf1 Nxf4 14. Rxf4 O-O
15. Ne5 Nxe5 16. dxe5 Be7 17. Rd1 Qc7 18. Ne4 Qxe5 19. Rg4 f5 20. f4 0-1

[Event "Lichtenrader Herbst 2019"]
[Site "Berlin"]
[Date "2019.10.20"]
[Round "9.29"]
[White "Froehlich, Sergej"]
[Black "Bornschein, Burkhard"]
[Result "0-1"]
[WhiteElo "1763"]
[BlackElo "1989"]
[PlyCount "108"]
[EventDate "2019.??.??"]

1. d4 d5 2. c4 c6 3. Nf3 Nf6 4. g3 e6 5. Bg2 Be7 6. O-O O-O 7. Nc3 Nbd7 8. Qd3
h6 9. e4 dxe4 10. Nxe4 Nxe4 11. Qxe4 Nf6 12. Qe2 Re8 13. Rd1 Bd6 14. c5 Bf8 15.
Ne5 Nd7 16. Nc4 Nf6 17. Bf4 Nd5 18. Bd6 b5 19. Bxf8 Kxf8 20. Nd6 Re7 21. Qd3
Kg8 22. Re1 Bd7 23. Re2 Be8 24. Rae1 Rd7 25. f4 Rxd6 26. cxd6 Qxd6 27. f5 Bd7
28. fxe6 Bxe6 29. Bh3 Nb4 30. Qb1 Qxd4+ 31. Kh1 Nd3 32. Bxe6 fxe6 33. Rf1 c5
34. Qc2 Rd8 35. Qc3 Qd5+ 36. Kg1 b4 37. Qc2 c4 38. Qa4 a5 39. Qc2 e5 40. b3 c3
41. a3 Qd4+ 42. Kg2 bxa3 43. Qa2 Qc5 44. b4+ Qd5+ 45. Qxd5+ Rxd5 46. bxa5 Rxa5
47. Re3 Rd5 48. Re2 Nb4 49. Re4 Rd2+ 50. Kg1 Nd3 51. Rc4 c2 52. h4 c1=Q 53.
Rfxc1 Nxc1 54. Rxc1 a2 0-1

[Event "Lichtenrader Herbst 2019"]
[Site "Berlin"]
[Date "2019.10.20"]
[Round "9.30"]
[White "Guder, Sibylle"]
[Black "Schmalzried, Volker"]
[Result "1/2-1/2"]
[WhiteElo "1915"]
[BlackElo "1808"]
[PlyCount "79"]
[EventDate "2019.??.??"]

1. e4 c5 2. Nf3 Nc6 3. d4 cxd4 4. Nxd4 g6 5. Nc3 Bg7 6. Be3 d6 7. Qd2 Nf6 8. f3
O-O 9. Bc4 Bd7 10. O-O-O a6 11. g4 b5 12. Bb3 Nxd4 13. Bxd4 a5 14. Nd5 Nxd5 15.
Bxd5 Rc8 16. Bxg7 Kxg7 17. a3 Qc7 18. h4 h6 19. Rh2 Be6 20. h5 g5 21. Qd3 Bxd5
22. exd5 Qc4 23. Qxc4 Rxc4 24. Re2 Rfc8 25. Rd3 R8c7 26. b3 Rf4 27. Kd2 f5 28.
Rg2 Kf6 29. c3 a4 30. bxa4 bxa4 31. Ke3 Rcc4 32. gxf5 Kxf5 33. Rb2 g4 34. fxg4+
Kxg4 35. Rg2+ Kxh5 36. Rg7 Rce4+ 37. Kd2 Kh4 38. Re3 h5 39. Rxe7 Rxe7 40. Rxe7
1/2-1/2